000 00664cam a22002173a 4500
001 31329
003 PGUSA
005 20140828083658.0
008 100220s2010||||xxu|||||s|||||000 | eng d
040 _aPGUSA
_beng
042 _adc
050 4 _aAE
245 1 0 _aEncyclopaedia Britannica, 11th Edition, Volume 6, Slice 2 :
_b"Chicago, University of" to "Chiton"
_h[electronic resource] /
_cVarious
260 _bProject Gutenberg,
_c2010
506 _aPublic domain in the USA.
516 _aElectronic text
653 _aEncyclopedias and dictionaries
830 0 _aProject Gutenberg
_v31329
856 4 0 _uhttp://www.gutenberg.org/ebooks/31329
942 _cEB
999 _c260584
_d260584